[Event "URS-chT Republics 19th Group1"]
[Site "Azov"]
[Date "1991.??.??"]
[Round "5"]
[White "Odeev, Handszar"]
[Black "Nikolenko, Oleg"]
[Result "1-0"]
[WhiteElo "2365"]
[BlackElo "2450"]
[Annotator "Knaak,R"]
[PlyCount "45"]
[EventDate "1991.??.??"]
[EventType "team-tourn"]
[EventRounds "5"]
[EventCountry "URS"]
[SourceTitle "EXT 2020"]
[Source "ChessBase"]
[SourceDate "2019.10.17"]
[SourceVersion "1"]
[SourceVersionDate "2019.10.17"]
[SourceQuality "1"]
[WhiteTeam "Turkmenistan"]
[BlackTeam "Moscow"]
[WhiteTeamCountry "TKM"]
[BlackTeamCountry "URS"]

1. e4 e6 2. d4 d5 3. Nc3 Nf6 4. e5 Nfd7 5. Nf3 c5 6. Bb5 Nc6 $1 (6... a6 $5 7.
Bxd7+ Bxd7 8. Be3 Nc6 $2 (8... cxd4 9. Nxd4 Nc6 10. f4 {+/=/=}) 9. dxc5 $16) 7.
O-O cxd4 {>= 7...Be7=} 8. Nxd4 Qc7 9. Bf4 a6 10. Ba4 Nb6 11. Bb3 g6 $6 (11...
Bc5) 12. a4 Na5 13. Qf3 Bg7 $6 (13... Nxb3 $6 14. cxb3 $1 $16 {/\ <-> c, 15.a5}
) 14. Bxd5 $1 Nxd5 15. Nxd5 exd5 16. e6 Qe7 (16... Qc4 17. exf7+ Kxf7 18. b3
Qxd4 19. Be5+ Bf5 20. Bxd4 Bxd4 21. Qxd5+ $18) 17. Bd6 $1 Qf6 $6 (17... Qxd6
18. Qxf7+ Kd8 19. Qxg7 (19. e7+ Qxe7 20. Qxd5+ Kc7 21. Qxa5+ Kb8 $13) 19... Re8
20. Rfe1 $44 Nc6 21. Nxc6+ bxc6) 18. Qxd5 fxe6 (18... Qxd4 19. exf7+ Kd7 20.
Qxa5 $18) 19. Rfe1 Qxd4 20. Rxe6+ Kd7 (20... Bxe6 21. Qxe6+ Kd8 22. Qe7+ Kc8
23. Qc7#) (20... Kf7 21. Re7+ Kf6 22. Rf7#) 21. Re7+ Kd8 22. Bc7+ $3 Kxe7 23.
Re1+ (23. Re1+ Kf6 (23... Kf8 24. Bd6#) 24. Qxd4+ $18) 1-0

[Event "Groningen op"]
[Site "Groningen"]
[Date "1990.??.??"]
[Round "8"]
[White "Van de Oudeweetering, Arthur"]
[Black "Luther, Thomas"]
[Result "0-1"]
[WhiteElo "2345"]
[BlackElo "2385"]
[Annotator "Knaak,R"]
[PlyCount "64"]
[EventDate "1990.??.??"]
[EventType "swiss"]
[EventRounds "9"]
[EventCountry "NED"]
[SourceTitle "CBM 022"]
[Source "ChessBase"]
[SourceDate "1991.06.01"]
[SourceVersion "1"]
[SourceVersionDate "1991.06.01"]
[SourceQuality "1"]

1. e4 e6 2. d4 d5 3. Nc3 Nf6 4. e5 Nfd7 5. f4 c5 6. Nf3 Nc6 7. Be3 cxd4 8. Nxd4
Bc5 9. Qd2 a6 10. O-O-O O-O 11. Nce2 Na5 $5 {N} (11... Qc7 {Nunn-Dokhoian/Wijk/
1990/CBM17}) 12. Ng3 b5 13. Qe1 (13. b4 $5 Bxd4 14. Bxd4 Nc4 15. Bxc4 bxc4 $13
{/\ a5}) 13... Nc4 14. Bf2 Qc7 $17 15. Nb3 Be7 16. Bd4 a5 17. Nh5 Ba6 18. Qg3
g6 19. Bd3 a4 20. Nd2 a3 21. Nf6+ Nxf6 22. exf6 axb2+ 23. Kb1 Bd6 24. Qh4 Rfb8
25. Nb3 b4 26. Qf2 Rc8 27. g3 Na3+ 28. Kxb2 Bxd3 29. cxd3 Qc2+ 30. Qxc2 Rxc2+
31. Ka1 Nb5 32. Bb2 Nc3 0-1

[Event "Groningen op"]
[Site "Groningen"]
[Date "1990.??.??"]
[Round "1"]
[White "Voekler, Bernd"]
[Black "Moskalenko, Viktor"]
[Result "0-1"]
[WhiteElo "2340"]
[BlackElo "2515"]
[Annotator "Knaak,R"]
[PlyCount "86"]
[EventDate "1990.??.??"]
[EventType "swiss"]
[EventRounds "9"]
[EventCountry "NED"]
[SourceTitle "CBM 022"]
[Source "ChessBase"]
[SourceDate "1991.06.01"]
[SourceVersion "1"]
[SourceVersionDate "1991.06.01"]
[SourceQuality "1"]

1. e4 e6 2. d4 d5 3. Nc3 Nf6 4. e5 Nfd7 5. f4 c5 6. Nf3 Nc6 7. Be3 a6 8. Bd3 $2
(8. Qd2) 8... Qb6 9. Na4 Qa5+ 10. c3 cxd4 11. Nxd4 (11. b4 Bxb4 $1 12. cxb4
Nxb4 {/\ de3, Nd3}) 11... Nxd4 12. b4 (12. Bxd4 b5 $19) 12... Nf3+ 13. gxf3 (
13. Kf2 Qc7 14. Qxf3 b5 15. Nb2 Qxc3 $19) 13... Qc7 $17 {>< f2, f3} 14. Rc1 b5
15. Nb2 Nb6 16. O-O Be7 17. a4 Nc4 18. Nxc4 dxc4 19. Be4 Bb7 20. Qc2 Bxe4 21.
Qxe4 O-O 22. Ra1 Qc8 23. Rfd1 f5 24. Qc2 Qc6 25. Kg2 h6 26. a5 Rf7 27. Qe2 g5
28. Rg1 Rg7 29. Kf1 Rd8 30. fxg5 hxg5 31. Rd1 Rd3 32. Kf2 g4 33. Rxd3 cxd3 34.
Qd1 Kh7 35. Kf1 Qc4 36. Bd2 Qd5 37. fxg4 fxg4 38. Rg2 Qxe5 39. Kg1 Qe4 40. h3
gxh3 41. Rxg7+ Kxg7 42. Qf1 Qe2 43. Bh6+ Kxh6 0-1

[Event "Rostov on Don"]
[Site "Rostov on Don"]
[Date "1993.??.??"]
[Round "?"]
[White "Smirin, Ilia"]
[Black "Lputian, Smbat G"]
[Result "1-0"]
[WhiteElo "2590"]
[BlackElo "2610"]
[Annotator "Knaak,R"]
[PlyCount "61"]
[EventDate "1993.05.??"]
[EventType "tourn"]
[EventRounds "11"]
[EventCountry "RUS"]
[EventCategory "14"]
[SourceTitle "CBM 036"]
[Source "ChessBase"]
[SourceDate "1993.10.01"]
[SourceVersion "1"]
[SourceVersionDate "1993.10.01"]
[SourceQuality "1"]

1. e4 e6 2. d4 d5 3. Nc3 Nf6 4. e5 Nfd7 5. f4 c5 6. Nf3 Nc6 7. Be3 a6 8. Qd2
cxd4 9. Nxd4 Bc5 10. O-O-O O-O 11. h4 Nxd4 12. Bxd4 b5 13. h5 b4 14. Ne2 $146 (
14. Na4 Bxd4 15. Qxd4 Qa5 16. b3 Bb7 17. Rh3 (17. f5 Bc6 18. f6 gxf6 19. exf6
Kh8 $17 {(Nunn)}) 17... Bc6 18. Nb2 Rfc8 $1 19. f5 Qc7 $1 20. Qxb4 Nxe5 $10 {
Tischbierek,R-Knaak,R/BL 9293/}) 14... a5 15. Bxc5 Nxc5 16. Qe3 Qb6 $5 (16...
Qc7 17. Nd4 $13) 17. f5 $1 a4 18. Kb1 b3 19. cxb3 axb3 20. a3 exf5 21. Rxd5 Ra5
22. Nf4 h6 $2 (22... Bb7 $1 23. h6 $5 (23. Rd6 Be4+ 24. Bd3 (24. Qxe4 $2 Qxd6
$19) (24. Ka1 $2 Rxa3+ 25. bxa3 b2+ 26. Ka2 b1=Q#) 24... Qb7 25. Bxe4 Nxe4 26.
Rb6 Nd2+ 27. Ka1 Qa7 $17) 23... Bxd5 24. Nxd5 f4 $1 (24... Qe6 $2 25. Nf6+ Kh8
(25... gxf6 26. Qg3+ $18) 26. hxg7+ $18) 25. Qc3 Qg6+ 26. Ka1 Qc2 $1 27. Ne7+
Kh8 28. hxg7+ Kxg7 29. Rxh7+ Qxh7 30. Qxa5 Qc2 $19) 23. Bd3 Be6 24. Rd6 Qb7 25.
Rc1 Rc8 $2 (25... Nxd3 26. Rxd3 Qe4 $13) 26. Qd4 $16 Nxd3 (26... Qe7 27. Nxe6
fxe6 28. Rxe6 $1 $18) 27. Rxc8+ Bxc8 28. Ng6 $1 $18 Kh7 (28... fxg6 29. hxg6
$18) 29. Nf8+ Kg8 30. Rd8 g5 31. Qd6 1-0

[Event "Alushta3"]
[Site "Alushta"]
[Date "1994.??.??"]
[Round "9"]
[White "Kruppa, Yuri"]
[Black "Fish, Gennadij"]
[Result "1-0"]
[WhiteElo "2505"]
[BlackElo "2445"]
[Annotator "Knaak,R"]
[PlyCount "79"]
[EventDate "1994.??.??"]
[EventType "tourn"]
[EventRounds "11"]
[EventCountry "UKR"]
[EventCategory "8"]
[SourceTitle "CBM 041"]
[Source "ChessBase"]
[SourceDate "1994.08.01"]
[SourceVersion "1"]
[SourceVersionDate "1994.08.01"]
[SourceQuality "1"]

1. e4 {Ernst} e6 2. d4 d5 3. Nc3 Nf6 4. e5 Nfd7 5. f4 c5 6. Nf3 Nc6 7. Be3 cxd4
8. Nxd4 Bc5 9. Qd2 a6 10. O-O-O O-O 11. Kb1 Nxd4 (11... Bxd4 12. Bxd4 b5) 12.
Bxd4 b5 13. Qe3 $5 $146 {Timman} (13. h4 {Ernst} Bb7 14. h5 b4 15. Ne2 $14 {
De Firmian-Short/Manila(izt)/1990/}) 13... Qc7 14. Bd3 $1 b4 $6 (14... Bxd4 15.
Qxd4 Qc5 (15... Bb7) 16. Ne2 $14) 15. Qh3 $1 g6 (15... h6 16. Ne2 $16 {/\ g4-g5
}) (15... f5 16. Ne2 $16 {/\ g4}) 16. Ne2 a5 17. Qe3 $1 {/\ h4-h5} Ba6 18. h4
Rfc8 19. h5 Nf8 20. hxg6 fxg6 21. g4 a4 22. Rc1 (22. f5 b3 $13) 22... Bc4 23.
f5 b3 {/\ 24...a3} 24. fxg6 hxg6 (24... bxa2+ 25. Ka1 hxg6 26. Bxc5 Qxc5 27.
Qh6 a3 28. b3 $1 $18) 25. a3 $1 (25. Qh6 Qg7 $13) 25... bxc2+ 26. Rxc2 Bxd4 27.
Nxd4 Bxd3 28. Qxd3 Qxe5 29. Re2 Qf6 (29... Qd6 30. Nxe6 $18) 30. g5 $1 Qxg5 31.
Nxe6 Qf5 $8 (31... Nxe6 32. Rxe6 Kf7 33. Rb6 (33. Re3 $40 {Ernst}) 33... Rh8
34. Rb7+ Ke6 35. Re1+ Kd6 36. Qc3 $18) 32. Qxf5 gxf5 33. Nf4 {+/-/+-} Ra7 (
33... d4 34. Nd5 $1 d3 35. Re3 Rc2 36. Rg1+ Kh8 37. Nf6 Nh7 38. Nxh7 Rb8 39. b4
$18) (33... Re8 $5) 34. Nxd5 Rc5 (34... Kf7 35. Rf1 $18) (34... Rd8 35. Ne7+
Kf7 36. Nc6 $18) 35. Re5 $1 $18 Kf7 36. Rxf5+ Ke6 37. Rhh5 Raa5 38. Nc7+ Kd6
39. Ne8+ Kc6 40. Rf6+ 1-0

[Event "St Petersburg op"]
[Site "St Petersburg"]
[Date "1994.??.??"]
[Round "2"]
[White "Chuprov, A."]
[Black "Gleizerov, Evgeny"]
[Result "1-0"]
[WhiteElo "2410"]
[BlackElo "2535"]
[Annotator "Knaak,R"]
[PlyCount "71"]
[EventDate "1994.02.??"]
[EventType "swiss"]
[EventRounds "9"]
[EventCountry "RUS"]
[SourceTitle "CBM 041"]
[Source "ChessBase"]
[SourceDate "1994.08.01"]
[SourceVersion "1"]
[SourceVersionDate "1994.08.01"]
[SourceQuality "1"]

1. e4 e6 2. d4 d5 3. Nc3 Nf6 4. e5 Nfd7 5. f4 c5 6. Nf3 Nc6 7. Be3 a6 8. Qd2 b5
9. Bd3 b4 10. Nd1 Qb6 (10... c4 11. Be2 Nb6 12. O-O Be7 13. Bf2 g6 14. Ne3 a5
15. Bg3 Bd7 $15 {Stripunsky,A-Dreev,A/Rostov op/1993/}) 11. Qf2 cxd4 12. Nxd4
Bc5 13. Nf3 $1 $146 (13. Nxc6 Qxc6 14. O-O Bb7 15. Qg3 f5 16. Bxc5 Nxc5 $15 {
Novik,M-Gleizerov,E/Moscow/1992/}) 13... Bb7 14. O-O f5 15. exf6 $1 gxf6 16.
Re1 d4 (16... Bxe3 17. Nxe3 O-O-O 18. f5 $16) (16... O-O-O $2 17. Bxc5 Nxc5 18.
Rxe6 $18) 17. Bd2 Ne7 18. Qe2 $14 Nf8 19. Nf2 (19. f5 $2 Nxf5 20. Bxf5 $2 d3+
$19) 19... f5 20. Ng5 Rg8 21. Qh5+ Rg6 22. a3 $1 bxa3 (22... b3 23. cxb3 Qxb3
24. Rac1 (24. Nxh7 Nxh7 25. Bxf5 exf5 26. Qxg6+ Qf7 $13) 24... Qxb2 25. Nxe6
Nxe6 26. Rxe6 Qxd2 27. Rxc5 $16) 23. bxa3 O-O-O 24. Kh1 h6 25. Nf3 Nd7 26. Qh3
Nf6 27. Rab1 Qc6 28. Rxb7 $5 Qxb7 29. Nh4 Ng4 (29... Rgg8 30. Rxe6 $16) 30.
Nxg4 fxg4 31. Qg3 Rg7 $6 (31... Rf6 32. Qxg4 Qc6 (32... Rg8 $2 33. Qe2 {>< Pa6}
) 33. Ba5 Rd7 34. Nf3 $36) 32. Rxe6 Rd6 33. Qe1 Qb6 $2 (33... Kd7 34. Rxd6+
Bxd6 35. f5 $16) 34. Rxe7 Rxe7 35. Qxe7 Re6 36. Qxe6+ 1-0

[Event "Reykjavik Summit"]
[Site "Reykjavik"]
[Date "1990.??.??"]
[Round "?"]
[White "Christiansen, Larry Mark"]
[Black "Gurevich, Mikhail"]
[Result "0-1"]
[WhiteElo "2560"]
[BlackElo "2645"]
[Annotator "Knaak,R"]
[PlyCount "226"]
[EventDate "1990.03.??"]
[EventType "team"]
[EventRounds "6"]
[EventCountry "ISL"]
[SourceTitle "CBM 018"]
[Source "ChessBase"]
[SourceDate "1990.10.01"]
[SourceVersion "1"]
[SourceVersionDate "1990.10.01"]
[SourceQuality "1"]

1. e4 e6 2. d4 d5 3. Nc3 Nf6 4. e5 Nfd7 5. f4 c5 6. Nf3 Nc6 7. Be3 cxd4 8. Nxd4
Bc5 9. Qd2 Nxd4 10. Bxd4 Bxd4 11. Qxd4 Qb6 12. Qxb6 Nxb6 13. Nb5 Ke7 14. Bd3
Bd7 15. Nd4 Na4 16. O-O-O Nc5 17. Kd2 g5 $5 {N; 17...h5 18.Rhf1
Nunn-Hjartarsson, Linares 1988 (i45/323)} 18. fxg5 Rag8 19. h4 (19. Nf3 $2 Ne4+
) 19... h6 20. Nf3 hxg5 (20... Ne4+ $2 21. Ke3 hxg5 22. Bxe4 dxe4 23. Nxg5) 21.
Nxg5 (21. hxg5 $2 Rxh1 22. Rxh1 Ne4+) 21... Rxh4 $1 22. Rxh4 Rxg5 23. Re1 Rxg2+
$10 24. Re2 Rg5 25. b4 Na4 26. Rh8 Nb6 27. a4 Be8 28. a5 Nd7 29. Bb5 a6 30. Ba4
Rg4 31. c3 Nf8 32. Bxe8 Kxe8 33. Kc2 Ke7 34. Re3 Rc4 35. Kb3 Nd7 36. Ra8 Rc7
37. Ka3 Rc4 38. Ra7 Rc7 39. b5 axb5 40. Kb4 Rc4+ 41. Kxb5 Rc5+ 42. Kb4 Rc4+ 43.
Ka3 Rc7 44. Kb2 Nb8 45. Ra8 Nd7 46. Ra7 Nb8 47. Re1 Nc6 48. Ra8 Kd7 49. a6 bxa6
50. Rxa6 Rc8 51. Rb6 Kc7 52. Rb5 Rh8 53. c4 Rh2+ 54. Kb1 Nd4 55. Rb2 Rxb2+ 56.
Kxb2 Kc6 57. Rf1 Nf5 58. Kc3 Kc5 59. cxd5 Kxd5 60. Re1 Nh6 61. Kd3 Ng4 62. Rf1
Nxe5+ 63. Ke3 Nc4+ 64. Kf4 Kd6 65. Rc1 Nb6 66. Ra1 Nd5+ 67. Kg5 Ke5 68. Re1+
Kd4 69. Rd1+ Ke4 70. Re1+ Kd4 71. Rd1+ Kc5 72. Rc1+ Kd6 73. Ra1 Ke7 74. Ra7+
Kf8 75. Ra8+ Kg7 76. Ra7 Nf6 77. Rb7 Nh7+ 78. Kf4 Kf6 79. Rb6 Nf8 80. Ra6 Ng6+
81. Ke4 Kg5 82. Kf3 e5 83. Ra7 f6 84. Ra8 Kf5 85. Ra5 Nf4 86. Rb5 Ne6 87. Rb8
Ng5+ 88. Ke3 Kg4 89. Kf2 Kf4 90. Re8 f5 91. Re7 Nf3 92. Re8 Nh2 93. Rf8 Ng4+
94. Ke2 Ke4 95. Rg8 Ne3 96. Ra8 Nc2 97. Re8 Na3 98. Ra8 Nb5 99. Re8 Nc7 100.
Rc8 Ne6 101. Re8 Kd5 102. Ra8 Ke4 103. Re8 Nd4+ 104. Kf2 Kf4 105. Rd8 Ne6 106.
Re8 Nd4 107. Rd8 Ke4 108. Re8 f4 109. Re7 Kd5 110. Rf7 Kc4 111. Re7 Kd5 112.
Rf7 Ke6 113. Rf8 Nf5 {(...134)} 0-1

[Event "Donner Memorial"]
[Site "Amsterdam"]
[Date "1996.08.28"]
[Round "10"]
[White "Ivanchuk, Vassily"]
[Black "Morozevich, Alexander"]
[Result "1-0"]
[WhiteElo "2730"]
[BlackElo "2610"]
[Annotator "Knaak,R"]
[PlyCount "67"]
[EventDate "1996.08.17"]
[EventType "tourn"]
[EventRounds "11"]
[EventCountry "NED"]
[EventCategory "16"]
[SourceTitle "CBM 055"]
[Source "ChessBase"]
[SourceDate "1996.12.01"]
[SourceVersion "1"]
[SourceVersionDate "1996.12.01"]
[SourceQuality "1"]

1. e4 {Psakhis} e6 2. d4 d5 3. Nc3 Nf6 4. e5 Nfd7 5. f4 c5 6. Nf3 Nc6 7. Be3
Be7 8. dxc5 (8. Qd2 O-O 9. Be2 cxd4 10. Nxd4 Nxd4 11. Bxd4 Nb8 12. O-O Nc6 13.
Kh1 Qa5 14. a3 Nxd4 15. Qxd4 Qc5 16. Qd2 $10 {Apicella,M-Murey,J/FRA-tch/1993/
0,5/66/}) 8... Nxc5 {N/} (8... Bxc5 $5 9. Qd2 O-O 10. O-O-O Qb6 11. Bg1 Bxg1
12. Rxg1 Nc5 $13 {Ivanchuk,V-Korchnoi,V/Monaco/1992/0,5/27/}) 9. Be2 O-O (9...
Qb6 10. Rb1 $1) 10. O-O Bd7 (10... f6 11. exf6 Rxf6 12. Qd2 $14) 11. a3 Be8 (
11... f6 $2 12. exf6 Rxf6 13. b4 Ne4 14. Nxe4 dxe4 15. Ng5 $18) 12. Qe1 Rc8 (
12... f6 $1) (12... d4 13. Rd1) (12... f6 $5 {Psakhis} 13. b4 (13. exf6 Rxf6)
13... Nd7 14. Nd4 Nxd4 (14... Bf7 15. Bg4 Nxd4 16. Bxd4 a5 17. Rb1 $1 $36) 15.
Bxd4 $14) 13. Rd1 Qc7 (13... f6 $6 14. Bc4 $3 Qb6 (14... Qa5 15. Nxd5 exd5 16.
Bxd5+ Bf7 17. Qxa5 Nxa5 18. Bxf7+ Kxf7 19. b4) (14... Qc7 15. Rxd5) 15. Nxd5
exd5 16. Bxd5+ Kh8 17. b4) 14. b4 $1 {Morozevich gets here another lesson
about the French with b2-b4! Das sieht merkwürdig aus, weil Weiß - der am
Königsflügel angreifen möchte - scheinbar nur seinen Damenflügel schwächt.} Nd7
(14... Ne4 $2 15. Nxe4 dxe4 16. Nd2 Nd8 17. Nxe4 Qxc2 18. Nd6 $16) 15. Nb5 $1
Qb8 16. Bd3 f6 17. Qh4 f5 $16 {Ich glaube, Weiß steht im höheren Sinne auf
Gewinn. Am Königsflügel wird Weiß später mit g2-g4 einen Angriff starten, am
Damenflügel hat Schwarz kein Gegenspiel und das Zentrum ist geschlossen.} (
17... g6 18. Qh3 Bf7 19. c4 $1 $16) (17... Bg6 18. Bxg6 hxg6 19. Qg4 Kf7 20. c4
$1) 18. Qh3 (18. Bxa7 {ist ein Zug von Fritz, aber das wäre nur ein Schritt in
die falsche Richtung.}) (18. Bxa7 $1 Qa8 (18... Bxh4 19. Bxb8 Ndxb8 20. Nxh4
$16) 19. Qf2 $16 b6 $140 20. Bxb6 Nxb6 21. Qxb6 Rb8 22. Qf2 Nxb4 23. axb4 Bxb5
24. Bxb5 Rxb5 25. c3) 18... Nb6 (18... a6 19. Nbd4 Nxd4 20. Nxd4 Bf7 21. g4 $16
) 19. Bxb6 $1 axb6 $18 20. g4 g6 (20... Bg6 {Psakhis} 21. Nfd4 Nxd4 22. Nxd4
fxg4 23. Qxg4 $18) 21. gxf5 exf5 (21... gxf5 22. c4 $1) 22. Rf2 Nd8 23. Nbd4
Kh8 (23... Rc3 $5 24. Rg2 $140 Rxa3 25. Bxf5 Bxb4) 24. Rg2 Rc3 25. Nh4 {
[%csl Rg6]} Nc6 (25... Rg8 26. Ndxf5 $5 gxf5 27. Rxg8+ (27. Qxf5) 27... Kxg8
28. Nxf5 (28. Qxf5 {Psakhis} Rxd3 (28... Bxh4 29. Qxh7+ Kf8 30. Qh6+ Ke7 31.
Qxh4+ Kd7 32. Bf5+ Ne6 (32... Kc6 33. b5+ Kxb5 34. Rxd5+ Ka6 35. Rxd8) 33.
Rxd5+ Kc6 34. Be4 $18) 29. cxd3 Bxh4 30. Qg4+ Bg6 31. Qxh4 (31. f5 Qxe5 32.
fxg6 Bf6) 31... Ne6 32. Qg4 (32. Qf6 Nd4) 32... Nd4 33. Rc1 Nf5 34. h4 $1 $18)
28... Qc7 (28... Rc7 29. Nh6+ Kg7 30. Bxh7 $18) 29. Nxe7+ Qxe7 30. Bxh7+ Qxh7
31. Qxc3 {+/-/+-}) 26. Ne6 (26. Nb5 $5 {Psakhis} Rxd3 27. cxd3 Nxe5 28. fxe5
Bxh4 29. Qxh4 Bxb5 30. e6 Qe5 31. Re1 $18) 26... Rg8 27. Nxf5 Qc8 (27... Rxd3 {
Psakhis} 28. Rxd3 gxf5 29. Qxh7+ $1) (27... gxf5 28. Rxg8+ Kxg8 29. Qh6 $1 Kf7
30. Qxh7+ Kxe6 31. Bxf5#) 28. Rg3 (28. Nxe7 $5 {Psakhis} Nxe7 29. Rg3 (29. Rg3
h5)) 28... h5 (28... Rxd3 {Psakhis} 29. Rdxd3 gxf5 30. Rxg8+ Kxg8 31. Qh6 Kf7
32. Rg3 $18) (28... gxf5 29. Rxg8+ Kxg8 30. Qh6 Kf7 31. Qxh7+ Kxe6 32. Bxf5#) (
28... Qxe6 29. Qxh7+ Kxh7 30. Rh3+ Bh4 31. Rxh4#) 29. Nh6 Rg7 (29... Rf8 {
Psakhis} 30. Nxf8 Qxh3 31. Nxg6+ Bxg6 32. Rxh3 $18) 30. Bf5 Rxg3+ (30... Rh7 {
Psakhis} 31. Nf8 $1 (31. Rxc3 gxf5) 31... Rxg3+ 32. Qxg3 Qc7 33. Nxh7 Kxh7 34.
Rxd5 (34. Be6) 34... Kxh6 35. Rd7 Qxd7 (35... Bh4 36. Qxh4 Bxd7 37. Qg5+) 36.
Bxd7 Bxd7 37. Qe3 $18) 31. Qxg3 Qb8 (31... Rh7 32. Nf8 $18) 32. Rxd5 Rh7 (32...
h4 {Psakhis} 33. Qg4) 33. Bxg6 Rxh6 34. Bf7 1-0

[Event "Hastings 9495"]
[Site "Hastings"]
[Date "1994.??.??"]
[Round "6"]
[White "Nunn, John DM"]
[Black "Lalic, Susan"]
[Result "1-0"]
[WhiteElo "2625"]
[BlackElo "2375"]
[Annotator "Knaak,R"]
[PlyCount "79"]
[EventDate "1994.12.??"]
[EventType "tourn"]
[EventRounds "9"]
[EventCountry "ENG"]
[EventCategory "9"]
[SourceTitle "CBM 045"]
[Source "ChessBase"]
[SourceDate "1995.04.01"]
[SourceVersion "1"]
[SourceVersionDate "1995.04.01"]
[SourceQuality "1"]

1. e4 e6 2. d4 d5 3. Nc3 Nf6 4. e5 Nfd7 5. f4 c5 6. Nf3 Nc6 7. Be3 cxd4 8. Nxd4
Bc5 9. Qd2 O-O 10. O-O-O a6 11. h4 Bxd4 $6 {After freeing the c5-square Black
intends to play Nd7-c5-e4, but how useful is the N on e4?} (11... Nxd4 12. Bxd4
b5 13. Rh3 {Kasparov,G-Short,N/ Amsterdam VSB 1994/ 1-0 (32)}) 12. Bxd4 b5 13.
Rh3 (13. Qe3 b4 14. Ne2 Qe7 15. h5 a5 16. Rh3 Ba6 17. Rg3 Bxe2 18. Qxe2 Nxd4
19. Rxd4 f6 20. Qe1 fxe5 21. fxe5 Nxe5 22. h6 g6 23. Bb5 Qf6 24. Rd2 {Martin
Gonzalez,A-Hoffman,A/ Salamanca 1991/ 0-1 (32)}) (13. h5 Qa5 (13... b4 14. Na4
Qa5 15. b3 Nxd4 16. Qxd4 Bb7 17. Rh3 Bc6 18. Nb2 Qxa2 19. Rg3 f5 20. exf6 Rxf6
21. h6 g6 22. Nd3 Qa5 23. Ne5 Nxe5 24. Qxe5 {Nikac,P-Marinkovic,S/JUG-ch (11)/
1991/0.5 (66)}) 14. Kb1 b4 15. Ne2 Nc5 16. Qe3 (16. g4 Ne4 17. Qe3 Nxd4 18.
Nxd4 Qc7 19. g5 Rb8 20. Bg2 a5 21. Bxe4 dxe4 22. Rhe1 Bb7 23. Nb5 Qc6 24. Nd6
$16 {Yudasin,L-Touzane,O/ Podolsk 1991/ 1-0 (28)}) 16... Ne4 17. h6 g6 18. g4
Nxd4 19. Nxd4 Qb6 20. Rh3 a5 21. Bg2 Nc5 22. f5 Bd7 23. Rf3 a4 24. Rdf1 {
Hickl,J-Bischoff,K/Munich/1988/0-1 (28)}) (13. Bg1 Qa5 (13... b4 14. Na4 Qc7 $2
15. Kb1 a5 16. h5 Na7 17. h6 g6 18. Rc1 $16 {/\ c2-c3 to open the c-file.
Black's first rank is weak.} Qc6 19. b3 Nb5 20. Bd4 Ba6 {Vasiukov,E-Dizdar,G/
Voskresensk 1990/ 1-0 (38)}) 14. Kb1 b4 15. Ne2 Nc5 16. Nd4 Ne4 17. Qe1 Nxd4
18. Bxd4 Rb8 19. Ka1 {/\ Bd3+/=}) 13... Qa5 $5 {Preparing Nc5, but blocks the
Pa6.} (13... b4 $5 14. Na4 (14. Ne2 $142) 14... a5 15. h5 Nxd4 16. Qxd4 f6 $1
17. exf6 Qxf6 18. Qxf6 Nxf6 19. Nb6 {1/2-1/2 Lau,R-Kovacevic,Vlat/Osijek (11) ;
EXP 38 1993}) 14. Kb1 b4 15. Ne2 Nc5 16. Bg1 $1 (16. Bxc5 Qxc5 17. Rg3 (17. Nd4
a5 18. Nxc6 Qxc6 19. g4 Qc7 20. Re1 Re8 21. h5 Ba6 22. Bxa6 Rxa6 23. f5 exf5
24. gxf5 Rxe5 25. Rxe5 Qxe5 {Gallagher,J-Huzman,A/ Baku 1988/ 0-1 (46)}) 17...
Qf2 $1 (17... f5 18. Nd4 a5 19. Nb5 Qe7 20. Qf2 Ba6 21. Qb6 Bxb5 22. Bxb5 Na7
23. Ba4 Rfb8 24. Qd6 {Arakhamia,K-Lalic,S/ Hastings 9495 1994/ 1-0 (61)}) 18.
Qe3 Qxe3 19. Rxe3 a5 {/\Bc8-a6}) 16... Ne4 17. Qe1 Rb8 (17... Qc7 $5 {/\a5} 18.
Ng3 f5 19. exf6 Nxf6 20. Bc5 $14) 18. Nc1 {White intends to play Nb3 (><c5),
Bd3, h4-h5-h6.} Qc7 (18... Nc3+ $2 {Ftacnik} 19. bxc3 bxc3+ 20. Nb3 Qa4 21.
Qxc3 $18) 19. h5 (19. Bd3 f5 $1 20. Bxe4 fxe4 21. Bc5 Rxf4 22. Bd6 Qb6 $44 23.
Ne2 Rf7 24. Bxb8 Qxb8 25. Nd4 Nxe5 $15) 19... Bb7 $2 (19... f6 $142 $1 20. exf6
Rxf6 21. Nd3 e5 $10) 20. Bd3 Rfc8 21. h6 g6 {Now White has a clear advantage
at the kingside.Black can only wait and see.} 22. Nb3 {><c5} (22. Bxe4 {Ftacnik
} dxe4 23. Qxe4 Nxe5 $1 24. Qxe5 $2 Qxc2+ 25. Ka1 Qxc1+ 26. Rxc1 Rxc1#) 22...
a5 23. Bxe4 dxe4 24. Nc5 $1 {/\ R d7, Qe1-h4-f6} Rd8 25. Nxe4 Ne7 26. Nf6+ Kh8
27. Rhd3 Rxd3 28. Rxd3 Rd8 (28... Nd5 $142 29. Qh4 Rc8 30. Rd2 Qe7 {Black is
still living.}) (28... Bxg2 $2 {Ftacnik} 29. Rd7) 29. Qd2 Rxd3 30. Qxd3 Nd5 (
30... Bxg2 {Ftacnik} 31. Qd6 $1 Qxd6 32. exd6 Nc6 33. d7 e5 34. Bc5 exf4 35.
Bf8) 31. Nxd5 Bxd5 (31... exd5 {Ftacnik} 32. Qd4 Kg8 33. Qa7 $18) 32. Qb5 Bc6
33. Qb6 Qxb6 34. Bxb6 a4 (34... Bxg2 {Ftacnik} 35. Bxa5 b3 36. axb3 $18) 35. b3
axb3 36. axb3 Bxg2 37. Bc5 f6 38. exf6 Kg8 39. Bxb4 Kf7 40. Bc3 1-0

[Event "Stara Zagora zt-B"]
[Site "Stara Zagora"]
[Date "1990.??.??"]
[Round "5"]
[White "Palkovi, Jozsef"]
[Black "Knaak, Rainer"]
[Result "1/2-1/2"]
[WhiteElo "2440"]
[BlackElo "2500"]
[Annotator "Knaak,R"]
[PlyCount "95"]
[EventDate "1990.02.??"]
[EventType "tourn"]
[EventRounds "13"]
[EventCountry "BUL"]
[EventCategory "10"]
[SourceTitle "CBM 017"]
[Source "ChessBase"]
[SourceDate "1990.08.01"]
[SourceVersion "1"]
[SourceVersionDate "1990.08.01"]
[SourceQuality "1"]

1. e4 e6 2. d4 d5 3. Nc3 Nf6 4. e5 Nfd7 5. f4 c5 6. Nf3 Nc6 7. Be3 cxd4 8. Nxd4
Bc5 9. Qd2 O-O 10. Nb3 $4 Bxe3 11. Qxe3 f6 $19 12. exf6 Qxf6 13. O-O-O Qxf4 14.
Qxf4 Rxf4 15. g3 Rf2 16. Bh3 Nf8 17. Nc5 b6 18. Nd3 Rf6 19. Rd2 Ba6 20. Nf4 Rh6
21. Bg2 g5 22. Nh3 Rg6 23. Re1 Rc8 24. a3 Rc7 25. Rf2 Rf7 26. Rd2 Kg7 27. b3
Ne7 28. Nd1 h5 29. Ndf2 Kh6 30. Bf1 Bxf1 31. Rxf1 Rgf6 32. Re1 Neg6 33. Nd3 Nd7
34. c4 Rf1 35. cxd5 exd5 36. Rxf1 Rxf1+ 37. Kc2 Nf6 38. Re2 Rh1 39. Kc3 Ng4 $4
(39... Ne4+ 40. Kd4 Nxg3 $1 $19) 40. Nhf2 $1 Nxf2 41. Rxf2 $10 h4 42. Rf6 Kg7
43. Rf5 h3 44. Rxg5 Kh6 45. Rxd5 Rxh2 46. g4 Kg7 47. Rh5 Kf6 48. Kb4 1/2-1/2